Quizzes
Events
Quiz Creation
Community
Videos
Private Events
Remove Ads
Sign In
Join for FREE
Feedback
Dark Mode
Quiz Categories
Sports
Geography
Music
Movies
Television
Just For Fun
Miscellaneous
History
Literature
Language
Science
Gaming
Entertainment
Religion
Holiday
For Kids
Quiz Lab
Recent
Popular Today
Quiz Kudos Today
Editor Picks
Curator Picks
Quizzes by...
Day
Popularity
Type
Ratings
Length
Year
Community
Subscriptions
Recent Discussions
Orange Saloon
Badges
Playlists
Quests
Create
Leaderboards
Showdown
Live 5
Trivia Bingo
Activity
Puzzle Library
Sporcle Events
Private Events
Virtual Trivia
Globe League
Become a Host
Pub Owners
SporcleCon
Opinionation
Our Games
Videos
Blog
Mobile Apps
Partnerships
Remove Ads and Go Orange
Feedback
Television
TV Characters
TV Show
Sitcom
Network
Friends
Reality Shows
Cast
South Park
Star Trek
The Simpsons
Doctor Who
Television
TV Characters
TV Show
Sitcom
Network
Friends
Reality Shows
Cast
South Park
Star Trek
The Simpsons
Doctor Who
Random Quiz
Search Sporcle
×
Quiz Lab
Quiz Lab
Television
Musical
Type in answers that appear in a list
Type in answers that appear in a list
Classic
Best Score? Go Orange.
Buffy the Vampire Slayer Musical Ep 9 Song Stats
Can you name the Guess the song from Buffy the Vampire Slayer Musical Ep 9?
By
mayim
8m
92 Questions
1,263 Plays
1,263 Plays
1,263 Plays
Comments
Comments
Give Quiz Kudos
Give Quiz Kudos
-
- Ratings
hide this ad
Replay
Link that replays current quiz
Next Quiz
Link to next quiz in quiz playlist
You Got
0%
They Got
Avg Score
76%
Avg Friend Score
Upgrade to see
Score Distribution
Jump to the score distribution portion of the page
Score
0/92
Timer
08:00
0
Plays Today
% Correct
The
93.4%
the
93.4%
the
93.4%
the
93.4%
The
93.4%
the
93.4%
a
90.7%
go
85.4%
go
85.4%
go
85.4%
go
85.4%
go
85.4%
go
85.4%
in
82.7%
in
82.7%
we
82.5%
we
82.5%
we
82.5%
we
82.5%
we
82.5%
we
82.5%
we
82.5%
we
82.5%
we
82.5%
and
82%
do
81.3%
do
81.3%
do
81.3%
do
81.3%
do
81.3%
do
81.3%
% Correct
here
79.5%
here
79.5%
here
79.5%
here
79.5%
here
79.5%
Where
79.4%
Where
79.4%
Where
79.4%
Where
79.4%
Where
79.4%
from
79.3%
from
79.3%
from
79.3%
from
79.3%
from
79.3%
is
79.1%
is
79.1%
is
79.1%
walk
77.8%
so
76.9%
of
74.7%
but
73.2%
fear
73.1%
won
72.9%
cheer
72.9%
cheer
72.9%
when
72.5%
When
72.5%
When
72.5%
hand
72.4%
hand
72.4%
% Correct
alone
72.1%
our
72%
done
71.6%
Why
71.3%
near
71.3%
near
71.3%
kind
71%
victory
71%
we'll
70.8%
we'll
70.8%
battle's
70.4%
know
70.2%
end
70.2%
end
70.2%
on
69.7%
sound
68.6%
unclear
67.1%
path
66.9%
can
66.7%
tell
65%
does
62.9%
Understand
62.3%
appear
62.2%
trumpets
61.8%
curtains
61.4%
close
61.3%
kiss
61%
home
58.4%
God
58.2%
knows
58%
Quiz Playlist
Details
Report
Send in Message
Add To Playlist
Classic:
Type in answers that appear in a list
Last Updated: Feb 16, 2017
Quiz Scoreboard
CHALLENGE
Sign Up to Join the Scoreboard
Show All
Scores
Hide
Comments
May contain spoilers
Recently Published
Movies - When Are They Set?
by FPL_Elf
Movies
5m
Popular People in 1961
by mucciniale
History
6m
1-10 Letter E Words III
by El_Dandy
Language
2m
More to Explore
Quiz From the Vault
Featured Blog Post
Where Did the Easter Bunny Come From?
hide this ad
You Might Also Like...
Tags
Lyrics Quiz
Musical Quiz
Buffy the Vampire Slayer
episode
Vampire
Vampire Slayer
Today's Top Quizzes in Television
Browse Television
hide this ad
Today's Top Quizzes in Musical
Browse Musical
Top Contributed Quizzes in Television
1
One Piece Logic Puzzle
2
Survivor Logic Puzzle: Heroes vs. Villains
3
Survivor Seasons
4
Survivor Season by Logo
5
Survivor Trivia
6
One Thing in Common: Television
7
Who Wants to Be a Millionaire?
8
Survivor Logic Puzzle: Winners at War
9
Ultimate Survivor Logic Puzzle
10
Phoebe Buffay Quotes
Explore More
Trending Topics
Harry Potter
Kpop
Crossword
Marvel
Anime
NBA
Disney
Puzzle
NFL
The Office
WWE
Country
Soccer
Song
Pokémon
hide this ad
More By:
mayim
Quiz
Plays
Rating
Category
Featured
Created
Buffy the Vampire Slayer Musical Ep 2 Song
2,326
4.87
Television
Apr 15, 2011
Buffy the Vampire Slayer Musical Episode Song
2,176
4.15
Television
Apr 15, 2011
Buffy the Vampire Slayer Musical Ep 4 Song
1,600
4.86
Television
Apr 16, 2011
Buffy the Vampire Slayer Musical Ep 3 Song
1,463
4.80
Television
Apr 15, 2011
Buffy the Vampire Slayer Musical Ep 8 song
1,354
4.33
Television
Apr 20, 2011
Go to Creator's Profile
Score Distribution
Quiz Creator Spotlight
mayim
Follow
Send a Message
Quizzes Created
-
Created Quiz Play Count
-
More By This Creator
Popular Quizzes Today
1
Find the Countries of Europe - No Outlines Minefield
2
Find the US States - No Outlines Minefield
3
The Countries of the World
4
Popular People in 1961
5
US States
6
1-10 Letter E Words III
7
Find the US States
8
One Thing in Common: World Cities II
More Television Quizzes
2004 TV Characters by Show Blitz (Picture Click)
Quiz Lab
Trending Quizzes
Risky Map Clicking: Least Populous States A-Z
1-10 Letter F Words
1-10 Letter G Words
One Thing in Common: United Kingdom
Risky Map Clicking: Next State Alphabetically
Recently Updated
Leaping Animals
pecheneg
Reality TV Shows (A-Z)
bhenderson79
Rickey Henderson's Hall of Fame Teammates
pecheneg
Champions League XIs: Arsenal
pecheneg
Quick Pick: Celebrities in WWE's Hall of Fame
aduchscher
A-Z Keypad Blitz II
pecheneg
Multiple Oscar Actors
pecheneg
Mystery Phrase Blitz: Oscar 'Best Actors'
pecheneg
F. Scott Fitzgerald Novels
LTH
Pick 3 Villains
ddd62291
Trending Topics
Anime
Disney
Crossword
Marvel
NBA
Harry Potter
Kpop
Song
NFL
Puzzle
WWE
Pokémon
Soccer
The Office
Country
Your Account Isn't Verified!
In order to create a playlist on Sporcle, you need to verify the email address you used during registration. Go to your
Sporcle Settings
to finish the process.
Report this User
Report this user for behavior that violates our
Community Guidelines
.
Details:
Send Report
Go to the Sporcle.com Mobile Site →
Comments